| 000 | 01012nam a2200265 a 4500 | ||
|---|---|---|---|
| 001 | BRCA_8354 | ||
| 005 | 20190320210239.0 | ||
| 008 | 170714s1954----u--ad##f##---#001-0#eng-# | ||
| 041 | _aeng | ||
| 044 | _au | ||
| 050 | 4 |
_aHJ9 _b.O9 1954 |
|
| 245 | 1 | 0 |
_aOutlook for 1954 _bbusiness: an upturn, when?, war: will it flare up again?, tax cuts: who will get them?, prices: are they headed down?, strikes: big ones in sight? _cU.S. News & World Report. |
| 260 |
_aOhio, Estados Unidos _bU.S. News & W. R. _c1954 |
||
| 300 |
_a128 p. _bil. (algunas a color), gráficas _c29 cm. |
||
| 500 | _aU.S. News & World Report Colection, January 1, 1954 | ||
| 500 | _aPublicación periódica inventariada como libro por el Banco de México | ||
| 500 | _aR91 | ||
| 650 | 1 | 4 |
_aNegocios _y1954 _920912 |
| 650 | 1 | 4 |
_aCondiciones económicas _y1954 _920913 |
| 650 | 1 | 4 |
_aEconomía _y1954 _920914 |
| 650 | 1 | 4 |
_aFinanzas _y1954 _920915 |
| 710 | 2 |
_aU.S. News & World Report _fJanuary 1, 1954 _920916 |
|
| 902 | _aGFM | ||
| 942 |
_2lcc _cB |
||
| 999 |
_c8022 _d8022 |
||